000 00373nam a2200145Ia 4500
008 240624s9999 xx 000 0 und d
041 _aeng
082 _a658.4063 SAU
100 _aSAUL JASON
245 _aSOCIAL INNOVATION INC 5 STRATEGIES FOR D
250 _a11
260 _c2011
_aSan Francisco
_bJossey-Bass
300 _axii, : 231 : p. : cm. ; 23
365 _c
_b27
999 _c17737
_d17737